000 00640nam a2200193 a 4500
001 000011566
005 20250306110006.0
008 091021s2007 cr a 001 0 spa d
020 _a9789977952369
040 _aDO-SdBNP
_bspa
_cBNPHU
082 _a332.71
_bB687o
100 1 _aBolañoz Zamora, Germán Arturo
_927392
245 1 4 _aLos olvidados de la guerra :
_bla campaña nacional y Santo Domingo de Heredia /
_cGermán Arturo Bolañoz Zamora.
260 _aSan José, Costa Rica :
_bUruk,
_c2007.
300 _a179 p. :
_bil ;
_c22 cm.
650 4 _aEconomía financiera
_927393
650 0 _aCrédito agrícola
_927394
049 _aBNPD
999 _c11261
_d11261